Pour une approche sociologique du marché.

Tri kritiky ekonomickej teórie trhu. Model trhu bez obmedzenia a jeho predpoklady. Model podriadeného trhu a mnohonásobných trhov a ich predpoklady. Trh bez obmedzenia a jeho morálna kritika. Podriadený trh a sociologická interpretácia. Kultúrna alternatíva. Kultúra trhu ako súbor osvojených významo...

Ausführliche Beschreibung

Gespeichert in:
Bibliographische Detailangaben
1. Verfasser: Zelizer, V.
Format: Buchkapitel
Sprache:Französisch
Schlagworte:
Tags: Tag hinzufügen
Keine Tags, Fügen Sie das erste Tag hinzu!

MARC

LEADER 00000naa a2200000 4500
001 r013556
005 20221205080349.3
041 0 |a fre 
044 |a FR 
245 1 0 |a Pour une approche sociologique du marché.  |c V. Zelizer 
520 |a Tri kritiky ekonomickej teórie trhu. Model trhu bez obmedzenia a jeho predpoklady. Model podriadeného trhu a mnohonásobných trhov a ich predpoklady. Trh bez obmedzenia a jeho morálna kritika. Podriadený trh a sociologická interpretácia. Kultúrna alternatíva. Kultúra trhu ako súbor osvojených významov. Trh ako kultúrna kamufláž. Hmotná kultúra a trh ako zdroj kultúry. Model mnohonásobných trhov ako model interakcie. (Actes de la recherche en sciences sociales 1992, č.94.). 
610 2 0 |a trh 
610 2 0 |a teórie ekonomické 
610 2 0 |a sociológia 
610 2 0 |a kultúra 
100 1 |a Zelizer, V.